logo

Bir Sreshtho Munshi Abdur Rouf Library
Jhenaidah Cadet College

Marine Reserves / (Record no. 4846)

MARC details
000 -LEADER
fixed length control field 00653nam a2200253 a 4500
001 - CONTROL NUMBER
JCCL Control Number 4846
003 - CONTROL NUMBER IDENTIFIER
JCCL marc code BD-JhCC
005 - DATE AND TIME OF LATEST TRANSACTION
control field 20171227172501.0
008 - FIXED-LENGTH DATA ELEMENTS--GENERAL INFORMATION
fixed length control field 171204s2004 u a|||| ||| 001 0 eng d
020 ## - INTERNATIONAL STANDARD BOOK NUMBER
International Standard Book Number 1559638419
020 ## - INTERNATIONAL STANDARD BOOK NUMBER
International Standard Book Number 9781559638418
035 ## - SYSTEM CONTROL NUMBER
system control number (BD-JhCC)4846
040 ## - CATALOGING SOURCE
Original cataloging agency BD-JhCC
Modifying agency BD-JhCC
041 ## - LANGUAGE CODE
Language code of Book eng
082 ## - DEWEY DECIMAL CLASSIFICATION NUMBER
Classification number 333.95616
Author mark and Year SOB 2004
DDC Edition number 22
100 ## - MAIN ENTRY--PERSONAL NAME
Personal name Sobel, Jack A.
245 ## - TITLE STATEMENT
Title Marine Reserves /
Statement of responsibility, etc Jack A. Sobel, & Craig P. Dalgren
260 ## - PUBLICATION, DISTRIBUTION, ETC. (IMPRINT)
Place of publication, distribution, etc USA :
Name of publisher, distributor, etc Island Press,
Date of publication, distribution, etc 2004.
300 ## - PHYSICAL DESCRIPTION
Pagination 383 p. :
Dimensions 26 cm.
650 ## - SUBJECT ADDED ENTRY--TOPICAL TERM
Topical term or geographic name as entry element Marine Parks and reserves
700 ## - ADDED ENTRY--PERSONAL NAME
Personal name Dalgren, Craig P.
942 ## - ADDED ENTRY ELEMENTS (KOHA)
Source of classification or shelving scheme Dewey Decimal Classification
Koha item type Books
Holdings
Source of classification or shelving scheme Damaged status Not for loan Home library Current library Shelving location Date of accession Total Checkouts Full call number Barcode Date last seen Copy number Koha item type
Dewey Decimal Classification     JCC Rouf Library JCC Rouf Library General Stacks 12/04/2017   333.95616 SOB 2004 6633 12/04/2017 C- 1 Books

JCC Library | Contacts | JCC Home

Last Update on 23 September 2017
Copyright @ 2017-2020 JCC Rouf Library
Rouf Library, Jhenidah Cadet College (JCC), Bangladesh